| 000 | 00507nam a2200205Ia 4500 | ||
|---|---|---|---|
| 005 | 20251121151334.0 | ||
| 008 | 230125s9999 xx 000 0 und d | ||
| 020 | _a9780553277371 | ||
| 041 | _aeng | ||
| 082 |
_a158.1 _bTOF |
||
| 100 |
_aToffler A _9214929 |
||
| 245 | _aFuture shock | ||
| 250 | _aEd.1st | ||
| 260 |
_c1971 _bBantam books _aNew York |
||
| 300 | _a561p | ||
| 500 | _aPersonality Development | ||
| 650 |
_aPersonality Development _9213420 |
||
| 700 |
_aToffler A _9214929 |
||
| 942 | _cDB | ||
| 999 |
_c94350 _d94350 |
||